| 000 | 00238nam a22000857a 4500 | ||
|---|---|---|---|
| 999 |
_c23626 _d23626 |
||
| 003 | Nust | ||
| 005 | 20170526164931.0 | ||
| 008 | 131220b xxu||||| |||| 00| 0 eng d | ||
| 020 | _cAvailable | ||
| 040 |
_aDLC _bDLC _cRCMS |
||
| 082 | _a070 NAZ | ||
| 100 |
_aDr. Ahsan Akhtar Naz _9121 |
||
| 245 |
_aSahafat-e-Akhlaqyat (Urdu) _cDr. Ahsan Akhtar Naz |
||
| 260 |
_aLahore: _bAzeem Academy, _cc 2005. |
||
| 300 |
_a227 p. ; _bill: _c21 cm. |
||
| 538 | _iShelf # 13, Row # 3, Fiction. | ||
| 650 |
_aPress Ethics--Pakistan. _9122 |
||
| 856 | _3Table of Content Only | ||
| 942 |
_2ddc _cFIC |
||